000 00506nam a2200169Ia 4500
003 IN-BaIIA
008 211028s9999 xx 000 0 eng d
040 _cIIA Library
080 _a519.68(035)
_bAUT
110 _aAutodesk
_915275
245 4 _aThe Autocad drafting package
_buser guide
_cAutodesk Inc.
260 _aSausalito
_bAutodesk
_c1986
300 _a[various pagings.]
650 _aComputers manual
_915276
650 _aNASA thesaurus
942 _cBK
999 _c9099
_d9099